Mýty a realita tzv. Benešových dekretů dekrety prezidenta republiky 1940-1945
Salvato in:
| Autore principale: | |
|---|---|
| Natura: | Libro |
| Lingua: | ceco |
| Pubblicazione: |
Praha
LINDE
2002
|
| Soggetti: | |
| Tags: |
Nessun Tag, puoi essere il primo ad aggiungerne!!
|
MARC
| LEADER | 00000nam$a2200000$$$4500 | ||
|---|---|---|---|
| 001 | 0044667 | ||
| 005 | 20221129101117.8 | ||
| 020 | |a 80-7201-352-1 | ||
| 020 | |a 807201352-1 | ||
| 041 | 0 | |a cze | |
| 044 | |a CZ | ||
| 245 | 1 | 0 | |a Mýty a realita tzv. Benešových dekretů |b dekrety prezidenta republiky 1940-1945 |c Jan Kuklík |
| 264 | 1 | |a Praha |b LINDE |c 2002 | |
| 300 | |a 511 s. | ||
| 610 | 2 | 0 | |a politika medzinárodná |
| 610 | 2 | 0 | |a vzťahy medzinárodné |
| 610 | 2 | 0 | |a konflikty medzinárodné |
| 610 | 2 | 0 | |a história |
| 610 | 2 | 0 | |a prezidenti |
| 610 | 2 | 0 | |a vláda |
| 610 | 2 | 0 | |a menšiny národnostné |
| 610 | 2 | 0 | |a znárodnenie |
| 610 | 2 | 0 | |a pohyb obyvateľstva |
| 610 | 2 | 0 | |a majetok |
| 610 | 2 | 0 | |a konfiškácia |
| 610 | 2 | 0 | |a Československo |
| 610 | 2 | 0 | |a Európa |
| 610 | 2 | 0 | |a Beneš, E. |
| 610 | 2 | 0 | |a 1940-1945 |
| 100 | 1 | |a Kuklík, Jan | |